000 00799nam a2200241 4500
003 OSt
005 20240613053753.0
006 a
008 240613b |||||||| |||| 00| 0 eng d
020 _a9789715845533
040 _aDWCL-Main lib.
_cOC
082 _2Second edition
_aFil. 361.8 L481n 2007
100 _aLee, Sergio J.
245 _aNational Service Training Program : civic welfare training service literacy (CWTS 1), Literacy training service /
250 _aSecond edition
260 _aQuezon City, Phillippines ;
_bC & E Publishing,
_cc2007.
300 _b170 p. ;
_c25 cm.
504 _aIncludes bibliographical references.
650 _a1. Community service.
650 _a2. Community action.
700 _aSergio J. Lee
942 _2ddc
_n0
_cBK - FIL
_eSecond edition
_kFil.
999 _c614
_d614